=LDR 00000nam 2200000 4500 =001 INLIS000000000023257 =005 20130612121930 =008 ***********************************Ind** =035 ##$$0010-061300000023257 =041 ##$$a Ind =082 ##$$a 808.87 =090 ##$$a 808.87, Kha-s =100 ##$$a Khalid, Abu =245 ##$$a 115 Kisah Teladan dan Humor Sufi, Abu Khalid, MA =260 ##$$a 2002 $b Jombang =300 ##$$a 160 hlm., 20 cm =650 ##$$a Humor =850 ##$$a NBPNMAT